Big States Bordering Small States - Statistics

General Stats
  • This quiz has been taken 1,053 times
    379 since last reset
  • The average score is 10 of 12
Answer Stats
Bigger State % Correct
New York
98%
Rhode Island
91%
Texas
89%
Vermont
89%
Connecticut
87%
Massachusetts
87%
New Jersey
87%
Pennsylvania
87%
Delaware
85%
Maryland
85%
Louisiana
78%
Arkansas
70%
No matching quizzes found
Score Distribution
Percent of People with Each Score
Percentile by Number Answered
Your Score History
You have not taken this quiz since the last reset